Catálogo de la Biblioteca Horacio González - Universidad Nacional de General Sarmiento

Fracasada invasión militar a Entre Ríos, 1852 : (Registro nro. 16646)

Detalles MARC
000 -CABECERA
campo de control de longitud fija 00998nam a22002530a 4500
001 - NÚMERO DE CONTROL
campo de control PT14733
003 - IDENTIFICADOR DEL NÚMERO DE CONTROL
campo de control AR-LpoUNG
005 - FECHA Y HORA DE LA ÚLTIMA TRANSACCIÓN
campo de control 20210131232632.0
008 - DATOS DE LONGITUD FIJA--INFORMACIÓN GENERAL
campo de control de longitud fija 191001s1977||||ag |||||||||||||||||spa d
040 ## - FUENTE DE LA CATALOGACIÓN
Centro catalogador/agencia de origen AR-LpoUNG
Lengua de catalogación spa
Centro/agencia transcriptor AR-LpoUNG
Normas de descripción aacr
041 ## - CÓDIGO DE LENGUA
Código de lengua del texto/banda sonora o título independiente spa
044 ## - CÓDIGO DEL PAÍS DE LA ENTIDAD EDITORA/PRODUCTORA
Código MARC del país ag
082 0# - NÚMERO DE LA CLASIFICACIÓN DECIMAL DEWEY
Número de clasificación 982.04 668fra
100 1# - ENTRADA PRINCIPAL--NOMBRE DE PERSONA
Nombre de persona Minutolo, Cristina V.
245 10 - MENCIÓN DE TÍTULO
Título Fracasada invasión militar a Entre Ríos, 1852 :
Resto del título un doble plan obstruccionista contra la organización nacional
260 ## - PUBLICACIÓN, DISTRIBUCIÓN, ETC.
Lugar de publicación, distribución, etc. Buenos Aires :
Nombre del editor, distribuidor, etc. Cristina V. Minutolo,
Fecha de publicación, distribución, etc. 1977.
300 ## - DESCRIPCIÓN FÍSICA
Extensión 318 p. :
Otras características físicas tbls.
520 ## - SUMARIO, ETC.
Sumario, etc. Sumario: Sentido nacional del movimiento del 11 de septiembre de 1852; Expedición naval-militar a Entre Ríos, 1852; Desembarco, ataque y defensa de concepción del Uruguay (noviembre 22 de 1852); Hornos y la victoria de arroyo Gené o Gená; Una campaña militar desastrosa; Una polémica histórica.
650 #4 - PUNTO DE ACCESO ADICIONAL DE MATERIA--TÉRMINO DE MATERIA
Término de materia o nombre geográfico como elemento de entrada ARGENTINA
650 #4 - PUNTO DE ACCESO ADICIONAL DE MATERIA--TÉRMINO DE MATERIA
Término de materia o nombre geográfico como elemento de entrada HISTORIA
651 #4 - PUNTO DE ACCESO ADICIONAL DE MATERIA--NOMBRE GEOGRÁFICO
Nombre geográfico Argentina
905 ## - ELEMENTOS DE DATOS E LOCAL, LDE (RLIN)
a 14733
942 ## - ELEMENTOS DE PUNTO DE ACCESO ADICIONAL (KOHA)
Tipo de ítem Koha Libro
Existencias
Estado de retiro Estado de pérdida Estado dañado No para préstamo Código de colección Localización permanente Ubicación/localización actual Fecha de adquisición Total de préstamos Signatura topográfica completa Código de barras Fecha visto por última vez Precio válido a partir de Tipo de ítem Koha
        Colección General Biblioteca Universidad Nacional de General Sarmiento Biblioteca Universidad Nacional de General Sarmiento 31/01/2021   982.04 668fra 00013759 31/01/2021 31/01/2021 Libro